[Event "CHI-ch sf"]
[Site "Quilpue"]
[Date "2020.01.30"]
[Round "1"]
[White "Nauto Munoz, Isaias Ignacio"]
[Black "Messina Alvarado, Paolo"]
[Result "1-0"]
[WhiteElo "2130"]
[BlackElo "1720"]
[PlyCount "59"]
[EventDate "2020.01.30"]
[EventType "swiss"]
[EventRounds "8"]
[EventCountry "CHI"]
[SourceTitle "CBM 194 Extra"]
[Source "ChessBase"]
[SourceDate "2020.03.31"]
[SourceVersion "1"]
[SourceVersionDate "2020.03.31"]
[SourceQuality "1"]

1. Nf3 c5 2. c4 Nf6 3. Nc3 Nc6 4. g3 e6 5. Bg2 a6 6. 0-0 d5 7. cxd5 Nxd5 8. a3 g6 9. d4 Nxc3 10. bxc3 cxd4 11. cxd4 Bg7 12. e3 Bd7 13. a4 0-0 14. Ba3 Re8 15. Rb1 Qc7 16. Bc5 b5 17. axb5 axb5 18. Qe2 Rab8 19. Rfc1 Rec8 20. h4 h5 21. e4 Na5 22. e5 Bf8 23. Bxf8 Qxc1+ 24. Rxc1 Rxc1+ 25. Kh2 Kxf8 26. Qd2 Ra1 27. Qb4+ Ke8 28. Ng5 Ra4 29. Qd6 Rc8 30. Ne4 1-0

[Event "Vina del Mar Vina CC U2200"]
[Site "Vina del Mar"]
[Date "2019.06.29"]
[Round "2.1"]
[White "Sanchez Tobar, Francisca Valentina"]
[Black "Nauto Munoz, Isaias Ignacio"]
[Result "0-1"]
[WhiteElo "1823"]
[BlackElo "2083"]
[PlyCount "130"]
[EventDate "2019.06.29"]
[EventType "swiss"]
[EventRounds "6"]
[EventCountry "CHI"]
[SourceTitle "EXT 2024"]
[Source "ChessBase"]
[SourceDate "2023.10.10"]
[SourceVersion "1"]
[SourceVersionDate "2023.10.10"]
[SourceQuality "1"]

1. e4 c5 2. c4 d6 3. Nc3 g6 4. g3 Bg7 5. Bg2 Nf6 6. Nge2 0-0 7. 0-0 Nc6 8. d3 a6 9. h3 Rb8 10. a4 Ne8 11. Rb1 Nc7 12. Be3 b5 13. b3 Nd4 14. f4 Bd7 15. axb5 axb5 16. Bf2 bxc4 17. bxc4 Rxb1 18. Qxb1 Qb8 19. Nxd4 cxd4 20. Ne2 e5 21. Rc1 Ne6 22. Qc2 Nc5 23. Rb1 Qa7 24. Be1 Rb8 25. Nc1 Ba4 26. Qa2 Rxb1 27. Qxb1 Bc6 28. Qb2 Bf8 29. Bf1 Qa4 30. Be2 Qa7 31. Kh2 Qb7 32. Qxb7 Bxb7 33. Bb4 Ne6 34. fxe5 dxe5 35. Bxf8 Kxf8 36. Bg4 Nc5 37. Kg1 Ke7 38. Kf2 Bc6 39. Bd1 f5 40. exf5 gxf5 41. g4 Kf6 42. gxf5 Kxf5 43. Bg4+ Kf4 44. Ne2+ Kg5 45. Nc1 h5 46. Bf3 Bd7 47. Bg2 Bf5 48. Bf1 h4 49. Kf3 Bg6 50. Kf2 e4 51. dxe4 Nxe4+ 52. Ke1 Kf4 53. Nd3+ Ke3 54. c5 Be8 55. Nb4 Nxc5 56. Nd5+ Kf3 57. Nb4 Bd7 58. Nd5 d3 59. Nf6 Bb5 60. Bxd3 Nxd3+ 61. Kd2 Nf4 62. Ng4 Nxh3 63. Ne5+ Kg3 64. Ng6 Nf4 65. Nxh4 Kxh4 0-1

[Event "Vina del Mar U2200"]
[Site "Vina del Mar"]
[Date "2019.04.28"]
[Round "4.1"]
[White "Guerrero Cataldo, Juan Andres"]
[Black "Nauto Munoz, Isaias Ignacio"]
[Result "1/2-1/2"]
[WhiteElo "1944"]
[BlackElo "2001"]
[PlyCount "86"]
[EventDate "2019.04.27"]
[EventType "swiss"]
[EventRounds "6"]
[EventCountry "CHI"]
[SourceTitle "EXT 2024"]
[Source "ChessBase"]
[SourceDate "2023.10.10"]
[SourceVersion "1"]
[SourceVersionDate "2023.10.10"]
[SourceQuality "1"]

1. Nf3 Nf6 2. b3 g6 3. Bb2 Bg7 4. g3 b6 5. Bg2 Bb7 6. 0-0 0-0 7. e3 c5 8. d4 d6 9. c4 Nbd7 10. Na3 a6 11. Qe2 Re8 12. Rfd1 h6 13. d5 b5 14. cxb5 axb5 15. Nxb5 Bxd5 16. Nh4 Bxg2 17. Nxg2 Qb6 18. a4 Qb7 19. Nf4 Reb8 20. Rab1 Qe4 21. f3 Qb7 22. e4 Ne8 23. Bxg7 Kxg7 24. Nd5 Ndf6 25. Ndc3 Nc7 26. Nxc7 Qxc7 27. Nb5 Qb7 28. Rbc1 Rc8 29. Kg2 g5 30. h3 Rc6 31. Rd2 Nd7 32. Qc4 Ne5 33. Qd5 Rb6 34. Qxb7 Rxb7 35. f4 Nc6 36. Rc3 f6 37. Kf3 Rab8 38. Kg4 Kf7 39. h4 Rg8 40. Rxd6 gxf4+ 41. Kxf4 e5+ 42. Kf3 Nd4+ 43. Nxd4 cxd4 1/2-1/2

[Event "Vina del Mar op 11th"]
[Site "Vina del Mar"]
[Date "2019.??.??"]
[Round "6"]
[White "Nauto Munoz, Isaias Ignacio"]
[Black "Miranda Camus, Joaquin Ignacio"]
[Result "1-0"]
[WhiteElo "2071"]
[BlackElo "1750"]
[PlyCount "29"]
[EventDate "2019.05.19"]
[EventType "swiss"]
[EventRounds "6"]
[EventCountry "CHI"]
[SourceTitle "CBM 190 Extra"]
[Source "ChessBase"]
[SourceDate "2019.07.15"]
[SourceVersion "1"]
[SourceVersionDate "2019.07.15"]
[SourceQuality "1"]

1. c4 Nf6 2. Nc3 e5 3. Nf3 Nc6 4. e4 Bc5 5. Nxe5 Nxe5 6. d4 Bxd4 7. Qxd4 Nc6 8. Qe3 0-0 9. Bd2 d6 10. 0-0-0 a6 11. Qg3 Rb8 12. Bg5 Bd7 13. f3 Kh8 14. Nd5 b5 15. Qh4 1-0

[Event "Vina del Mar op 11th"]
[Site "Vina del Mar"]
[Date "2019.??.??"]
[Round "1"]
[White "Nauto Munoz, Isaias Ignacio"]
[Black "Rozas Lazcano, Valeska"]
[Result "1-0"]
[WhiteElo "2071"]
[BlackElo "1345"]
[PlyCount "91"]
[EventDate "2019.05.19"]
[EventType "swiss"]
[EventRounds "6"]
[EventCountry "CHI"]
[SourceTitle "CBM 190 Extra"]
[Source "ChessBase"]
[SourceDate "2019.07.15"]
[SourceVersion "1"]
[SourceVersionDate "2019.07.15"]
[SourceQuality "1"]

1. c4 c5 2. Nf3 Nf6 3. Nc3 g6 4. g3 Bg7 5. Bg2 Nc6 6. 0-0 0-0 7. d4 d6 8. d5 Nb8 9. e4 e6 10. dxe6 Bxe6 11. Qd3 Qd7 12. Rd1 a6 13. Bf4 Rd8 14. Qxd6 Qxd6 15. Bxd6 Bxc4 16. Bxc5 Nc6 17. Bb6 Re8 18. Nd4 Nd7 19. Nxc6 Nxb6 20. Nb4 Rad8 21. Rac1 Bh6 22. f4 g5 23. b3 gxf4 24. bxc4 f3 25. Bxf3 Bxc1 26. Rxc1 Nxc4 27. Ncd5 Kg7 28. Rxc4 a5 29. Nd3 b5 30. Rc7 b4 31. Bh5 Rxe4 32. Bxf7 Kh6 33. N3f4 Rf8 34. h4 Rd4 35. Rc6+ Kg7 36. Ne6+ Kh8 37. Nxd4 Rxf7 38. Ne6 h5 39. Ndf4 Kh7 40. Ng5+ Kg7 41. Nxh5+ Kg8 42. Nxf7 Kxf7 43. g4 a4 44. g5 b3 45. g6+ Kg8 46. Rc8# 1-0

[Event "South America School 24th"]
[Site "Arequipa"]
[Date "2018.12.04"]
[Round "3.1"]
[White "Lopez Herrera, Piero"]
[Black "Nauto Munoz, Isaias Ignacio"]
[Result "1/2-1/2"]
[WhiteElo "1890"]
[BlackElo "1924"]
[PlyCount "61"]
[EventDate "2018.12.03"]
[EventType "team-swiss"]
[EventRounds "9"]
[EventCountry "PER"]
[SourceTitle "EXT 2024"]
[Source "ChessBase"]
[SourceDate "2023.10.10"]
[SourceVersion "1"]
[SourceVersionDate "2023.10.10"]
[SourceQuality "1"]
[WhiteTeam "Peru U14"]
[BlackTeam "Chile U14"]
[WhiteTeamCountry "PER"]
[BlackTeamCountry "CHI"]

1. e4 g6 2. d4 Bg7 3. Nf3 d6 4. Bc4 Nf6 5. Nc3 0-0 6. h3 c6 7. 0-0 b5 8. Bd3 Bb7 9. e5 dxe5 10. dxe5 Nd5 11. Nxd5 Qxd5 12. Qe2 Rd8 13. Bf4 Na6 14. Rfd1 Qc5 15. Be3 Qb4 16. c3 Qa5 17. b4 Qa3 18. Qc2 c5 19. Bc1 Qa4 20. Qxa4 bxa4 21. Be3 cxb4 22. Bxa6 Bxa6 23. cxb4 Be2 24. Rxd8+ Rxd8 25. Bxa7 Bxf3 26. gxf3 Bxe5 27. Rb1 Rd7 28. Bc5 Rb7 29. a3 Kf8 30. Re1 Bf6 31. Re4 1/2-1/2

[Event "South America School 24th"]
[Site "Arequipa"]
[Date "2018.12.03"]
[Round "2.1"]
[White "Nauto Munoz, Isaias Ignacio"]
[Black "Rodriguez Valencia, Sebastian"]
[Result "1/2-1/2"]
[WhiteElo "1924"]
[BlackElo "1666"]
[PlyCount "123"]
[EventDate "2018.12.03"]
[EventType "team-swiss"]
[EventRounds "9"]
[EventCountry "PER"]
[SourceTitle "EXT 2024"]
[Source "ChessBase"]
[SourceDate "2023.10.10"]
[SourceVersion "1"]
[SourceVersionDate "2023.10.10"]
[SourceQuality "1"]
[WhiteTeam "Chile U14"]
[BlackTeam "Colombia U14"]
[WhiteTeamCountry "CHI"]
[BlackTeamCountry "COL"]

1. Nf3 Nf6 2. g3 e6 3. Bg2 d5 4. 0-0 Bd6 5. d3 0-0 6. Nbd2 c6 7. b3 Re8 8. Bb2 e5 9. e4 Bg4 10. h3 Bh5 11. Qe2 Nbd7 12. Rfe1 Qc7 13. Nf1 Bg6 14. Nh4 dxe4 15. dxe4 Rad8 16. g4 Nc5 17. Ng3 Ne6 18. Ngf5 Bc5 19. Qf3 Rd2 20. Kh1 Rxc2 21. Re2 Rxe2 22. Qxe2 Nf4 23. Qc2 Qb6 24. Rf1 Qa5 25. a3 Bxa3 26. Ra1 Qc5 27. Qxc5 Bxc5 28. b4 Bxf2 29. Nxg6 hxg6 30. Nd6 Re7 31. Nc8 Rd7 32. Bxe5 Nxg2 33. Kxg2 Bd4 34. Bxf6 gxf6 35. Rd1 Rd8 36. Nxa7 Bb6 37. Rxd8+ Bxd8 38. b5 c5 39. Nc8 Kf8 40. Kf3 Bc7 41. b6 Be5 42. Ke3 c4 43. h4 Ke8 44. h5 gxh5 45. gxh5 Kd7 46. Na7 Ke6 47. Nb5 f5 48. Nc7+ Kf6 49. Nd5+ Kg5 50. exf5 Kxf5 51. h6 Kg6 52. Ke4 f6 53. Ne3 c3 54. Kd3 Kxh6 55. Nc4 c2 56. Kxc2 Bd4 57. Kd3 Bc5 58. Na5 Bxb6 59. Nxb7 f5 60. Ke2 Kg5 61. Kf3 Kf6 62. Nd6 1/2-1/2

[Event "CHI-ch U14"]
[Site "Santiago de Chile"]
[Date "2018.10.18"]
[Round "4.1"]
[White "Ballesteros Cardenas, Leonardo"]
[Black "Nauto Munoz, Isaias Ignacio"]
[Result "1/2-1/2"]
[WhiteElo "1811"]
[BlackElo "1881"]
[PlyCount "69"]
[EventDate "2018.10.16"]
[EventType "swiss"]
[EventRounds "7"]
[EventCountry "CHI"]
[SourceTitle "EXT 2024"]
[Source "ChessBase"]
[SourceDate "2023.10.10"]
[SourceVersion "1"]
[SourceVersionDate "2023.10.10"]
[SourceQuality "1"]

1. d4 d5 2. Nf3 Nf6 3. e3 e6 4. Bd3 b6 5. b3 Bb7 6. Bb2 Be7 7. Nbd2 0-0 8. 0-0 Nbd7 9. Ne5 Ne4 10. f3 Nxd2 11. Qxd2 Nxe5 12. dxe5 c5 13. Rfd1 Qc7 14. c4 Rfd8 15. Qc2 g6 16. cxd5 Rxd5 17. Bc4 Rxd1+ 18. Rxd1 Rd8 19. Rd3 Bc6 20. a4 Rxd3 21. Qxd3 Qd8 22. e4 Qxd3 23. Bxd3 Kf8 24. Kf2 Ke8 25. Ke3 Kd7 26. Ba6 Kd8 27. Kd3 Bd7 28. Kc4 Kc7 29. Bb5 Bc6 30. Ba6 Be8 31. Bb5 Bxb5+ 32. axb5 a6 33. Bc1 a5 34. g4 Kd7 35. g5 1/2-1/2

[Event "CHI-ch U14"]
[Site "Santiago de Chile"]
[Date "2018.10.16"]
[Round "1.1"]
[White "Nauto Munoz, Isaias Ignacio"]
[Black "Ojeda Rebolledo, Cristopher"]
[Result "1-0"]
[WhiteElo "1881"]
[BlackElo "1284"]
[PlyCount "81"]
[EventDate "2018.10.16"]
[EventType "swiss"]
[EventRounds "7"]
[EventCountry "CHI"]
[SourceTitle "EXT 2024"]
[Source "ChessBase"]
[SourceDate "2023.10.10"]
[SourceVersion "1"]
[SourceVersionDate "2023.10.10"]
[SourceQuality "1"]

1. Nf3 c5 2. c4 e6 3. g3 b6 4. Bg2 Bb7 5. 0-0 Nf6 6. b3 Be7 7. Bb2 0-0 8. Re1 d6 9. Nc3 Nc6 10. d4 a6 11. d5 Nb8 12. Nd2 e5 13. e4 Nfd7 14. Ne2 f5 15. f4 exf4 16. Nxf4 Qc8 17. exf5 Bf6 18. Bxf6 Rxf6 19. Ne4 Rh6 20. Nxd6 Rxd6 21. Re6 Rxe6 22. fxe6 Nf6 23. d6 Bxg2 24. Kxg2 g5 25. d7 Nbxd7 26. exd7 Qb7+ 27. Nd5 Nxd5 28. cxd5 Qxd7 29. Qd3 Rd8 30. Rd1 b5 31. Qe3 Qg7 32. Qxc5 Qb2+ 33. Qf2 Qe5 34. Qd2 g4 35. d6 Rd7 36. Qd3 Qe8 37. Kg1 Qe5 38. b4 Qe8 39. Qd5+ Qf7 40. Qg5+ Qg7 41. Qf5 1-0

[Event "Santiago IRT 2 Escalerilla"]
[Site "Santiago de Chile"]
[Date "2018.07.09"]
[Round "2.2"]
[White "Nauto Munoz, Isaias Ignacio"]
[Black "Roman Alvarez, Oscar Carlos"]
[Result "1-0"]
[WhiteElo "1988"]
[BlackElo "1829"]
[PlyCount "53"]
[EventDate "2018.07.05"]
[EventType "swiss"]
[EventRounds "6"]
[EventCountry "CHI"]
[SourceTitle "EXT 2024"]
[Source "ChessBase"]
[SourceDate "2023.10.10"]
[SourceVersion "1"]
[SourceVersionDate "2023.10.10"]
[SourceQuality "1"]

1. e4 d6 2. Nc3 Nf6 3. f4 e6 4. Nf3 Be7 5. d4 0-0 6. Bd3 c5 7. dxc5 dxc5 8. 0-0 Nc6 9. Qe2 Nd4 10. Nxd4 cxd4 11. Nd1 Bd7 12. b3 Bc6 13. Bb2 Qb6 14. Nf2 Rfd8 15. g4 g6 16. h4 Nd7 17. g5 Nc5 18. Ng4 Nxd3 19. cxd3 Bb4 20. h5 Bc3 21. hxg6 fxg6 22. Nf6+ Kf7 23. f5 exf5 24. exf5 gxf5 25. Rxf5 Kg6 26. Raf1 Rh8 27. Qh5+ 1-0

[Event "Santiago IRT"]
[Site "Santiago de Chile"]
[Date "2018.03.15"]
[Round "3.8"]
[White "Nauto Munoz, Isaias Ignacio"]
[Black "Tobar Galvez, Edson"]
[Result "1-0"]
[WhiteElo "1766"]
[BlackElo "1921"]
[PlyCount "75"]
[EventDate "2018.03.08"]
[EventType "swiss"]
[EventRounds "6"]
[EventCountry "CHI"]
[SourceTitle "EXT 2024"]
[Source "ChessBase"]
[SourceDate "2023.10.10"]
[SourceVersion "1"]
[SourceVersionDate "2023.10.10"]
[SourceQuality "1"]

1. e4 e5 2. Nf3 Nc6 3. Bc4 Be7 4. d4 exd4 5. c3 d6 6. cxd4 Nf6 7. Nc3 0-0 8. 0-0 Bg4 9. Be2 a6 10. Be3 h6 11. d5 Bxf3 12. Bxf3 Ne5 13. Be2 Nh7 14. f4 Nd7 15. Bd3 Bf6 16. Qc2 g6 17. Rae1 Bg7 18. Ne2 Rc8 19. Qb3 c6 20. Qxb7 Nc5 21. Bxc5 dxc5 22. Bxa6 Rc7 23. Qb3 cxd5 24. exd5 Qa8 25. Bc4 Rb8 26. Qf3 Rxb2 27. d6 Qxf3 28. Rxf3 Rd7 29. f5 Ng5 30. fxg6 Nxf3+ 31. gxf3 Rxd6 32. gxf7+ Kh7 33. Nf4 Bd4+ 34. Kh1 Rf6 35. Re7 Rb1+ 36. Kg2 Rg1+ 37. Kh3 Rg7 38. Bd3+ 1-0

[Event "South America School-ch 33rd"]
[Site "Cochabamba"]
[Date "2017.12.06"]
[Round "4.3"]
[White "Amarilla Jara, Llyan"]
[Black "Nauto Munoz, Isaias Ignacio"]
[Result "0-1"]
[WhiteElo "1170"]
[BlackElo "1761"]
[PlyCount "50"]
[EventDate "2017.12.05"]
[EventType "team-tourn"]
[EventRounds "9"]
[EventCountry "BOL"]
[SourceTitle "CBM 182 Extra"]
[Source "ChessBase"]
[SourceDate "2018.02.23"]
[SourceVersion "1"]
[SourceVersionDate "2018.02.23"]
[SourceQuality "1"]
[WhiteTeam "Paraguay"]
[BlackTeam "Chile"]
[WhiteTeamCountry "PAR"]
[BlackTeamCountry "CHI"]

1. d4 Nf6 2. Bf4 e6 3. e3 d5 4. Bd3 Bd6 5. Nf3 0-0 6. Nbd2 c5 7. c3 Nc6 8. Ne5 Qc7 9. dxc5 Bxe5 10. Bxe5 Nxe5 11. Nb3 Nxd3+ 12. Qxd3 Bd7 13. 0-0 a6 14. Rfd1 Ne4 15. Qd4 Bb5 16. f3 Nf6 17. Nd2 e5 18. Qb4 Rac8 19. Nb3 Bc4 20. Nd2 Qxc5 21. Qxc5 Rxc5 22. Nxc4 Rxc4 23. Rac1 Rfc8 24. f4 exf4 25. exf4 Rxf4 0-1

[Event "South America School-ch 33rd"]
[Site "Cochabamba"]
[Date "2017.12.06"]
[Round "5.3"]
[White "Nauto Munoz, Isaias Ignacio"]
[Black "Scayola, Gianfranco"]
[Result "1-0"]
[WhiteElo "1761"]
[BlackElo "1271"]
[PlyCount "67"]
[EventDate "2017.12.05"]
[EventType "team-tourn"]
[EventRounds "9"]
[EventCountry "BOL"]
[SourceTitle "CBM 182 Extra"]
[Source "ChessBase"]
[SourceDate "2018.02.23"]
[SourceVersion "1"]
[SourceVersionDate "2018.02.23"]
[SourceQuality "1"]
[WhiteTeam "Chile"]
[BlackTeam "Uruguay"]
[WhiteTeamCountry "CHI"]
[BlackTeamCountry "URU"]

1. e4 e5 2. Nf3 Nc6 3. d4 exd4 4. Bc4 Be7 5. Nxd4 d6 6. 0-0 Nf6 7. Nc3 0-0 8. h3 Re8 9. Be3 Bf8 10. Bd3 Nb4 11. Bg5 g6 12. a3 Nxd3 13. Qxd3 Bg7 14. Nd5 Be6 15. Nxe6 Rxe6 16. f4 c6 17. f5 Re5 18. Nxf6+ Bxf6 19. Bxf6 Qxf6 20. fxg6 Qxg6 21. Rad1 Re6 22. Rf4 Rae8 23. Rg4 Kh8 24. Rxg6 Rxg6 25. Qb3 Reg8 26. Rd2 b5 27. Qxf7 a5 28. Qd7 R8g7 29. Qxc6 d5 30. Qxd5 h5 31. Qxh5+ Kg8 32. Rd8+ Kf7 33. Rd7+ Kf6 34. Qf5# 1-0

[Event "Santiago IRT"]
[Site "Santiago de Chile"]
[Date "2017.04.14"]
[Round "2.9"]
[White "Garrido Gonzalez, Nelson"]
[Black "Nauto Munoz, Isaias Ignacio"]
[Result "0-1"]
[WhiteElo "1278"]
[BlackElo "1515"]
[PlyCount "112"]
[EventDate "2017.04.14"]
[EventType "swiss"]
[EventRounds "5"]
[EventCountry "CHI"]
[SourceTitle "EXT 2024"]
[Source "ChessBase"]
[SourceDate "2023.10.10"]
[SourceVersion "1"]
[SourceVersionDate "2023.10.10"]
[SourceQuality "1"]

1. d4 Nf6 2. Nf3 b6 3. g3 Bb7 4. Bg2 e6 5. c4 Be7 6. Nc3 0-0 7. 0-0 d6 8. b3 Nbd7 9. Bb2 d5 10. Qc2 Ne4 11. Nxe4 dxe4 12. Nd2 f5 13. Rad1 Qc8 14. Nb1 c5 15. d5 exd5 16. cxd5 Bf6 17. Rd2 Bxb2 18. Qxb2 Nf6 19. Nc3 a6 20. a4 Qd7 21. Rfd1 b5 22. e3 b4 23. Ne2 g5 24. Qc2 Qd6 25. f3 Rfe8 26. f4 g4 27. Kf2 Kf7 28. h3 h5 29. Qb2 Bxd5 30. Qc2 Qc6 31. Rc1 Rac8 32. h4 Be6 33. Nd4 Qb6 34. Nxe6 Qxe6 35. Bf1 Kg6 36. Rcd1 Rc6 37. Qc4 Qxc4 38. Bxc4 Re7 39. Rd6 Rec7 40. Bxa6 Rxd6 41. Rxd6 Rd7 42. Rxd7 Nxd7 43. Ke2 Kf6 44. Kd2 Ke6 45. Bc4+ Kf6 46. Kc2 Ke7 47. Kd2 Nb6 48. Kc2 Nxc4 49. bxc4 Kd7 50. Kb3 Kc6 51. a5 Kb7 52. Ka4 Ka6 53. Kb3 Kxa5 54. Kb2 Ka4 55. Ka2 b3+ 56. Kb2 Kb4 0-1